| 000 | 00652nam a22001697a 4500 | ||
|---|---|---|---|
| 020 | _qHard Cover. | ||
| 082 | _a658 | ||
| 100 | _aGhazanfar, Ahsan | ||
| 245 |
_aImpact of Abusive Supervision of Feedback Avoiding Behavior with Moderating Role of Big-Five Personality Traits & Burnout: _bA Case of Power Distribution Sector in Pakistan / _cAhsan Ghazanfar. |
||
| 260 |
_aIslamabad: _bNBS - NUST, _c2016. |
||
| 300 |
_a57 p. : _c30cm. |
||
| 650 |
_aMBA Thesis. _917629 |
||
| 700 |
_aMr. Asad Amjad. _917657 |
||
| 856 | _uhttp://10.250.8.41:8080/xmlui/handle/123456789/2642 | ||
| 942 |
_2ddc _cTHE |
||
| 999 |
_c527492 _d527492 |
||